| 000 | 01663cam a22004694i 4500 | ||
|---|---|---|---|
| 003 | PE-LiUPU | ||
| 005 | 20250731173026.0 | ||
| 008 | 150623s r 000 0 d | ||
| 020 | _a1563382903 | ||
| 035 | _a(Sirsi) i9781563382901 | ||
| 040 |
_aPE-LiUPU _bspa _cPE-LiUPU _erda |
||
| 049 | _aPRUA | ||
| 082 | 0 | 4 |
_a230.01 _bC73 _221 |
| 100 | 1 |
_aCompier, Don H., _eautor. |
|
| 245 | 1 | 0 |
_aWhat is rhetorical theology? : _btextual practice and public discourse / _cDon H. Compier. |
| 264 | 1 |
_aHarrisburg, Pensylvania : _bTrinity Press International, _c1999. |
|
| 300 |
_a100 páginas ; _c21 centímetros |
||
| 336 |
_atext _2rdacontent |
||
| 337 |
_aunmediated _2rdamedia |
||
| 338 |
_avolume _2rdacarrier |
||
| 504 | _aIncluye bibliografía. | ||
| 505 | 0 | _aAn introduction to the rhetorical tradition. -Theology as rhetorical hermeneutics. -Rhetorical epistemology. -Rhetorical hermeneutics and the christian doctrine of sin today. | |
| 526 | _aSEG42 | ||
| 526 | _aSEG41 | ||
| 526 | _aSEG40 | ||
| 526 | _aSEG39 | ||
| 526 | _aP94 | ||
| 526 | _aP87 | ||
| 526 | _aP86 | ||
| 526 | _aP85 | ||
| 526 | _aP77 | ||
| 526 | _aP76 | ||
| 526 | _aP35 | ||
| 650 | 0 | 4 |
_aRetórica _xCristianismo. |
| 650 | 0 | 4 |
_aTeología _xMetodología. |
| 942 |
_2ddc _cBOOK |
||
| 949 |
_a230.01 C73 _wDEWEY _c1 _i48007 _lCCODEBUL1 _mBUL _r0 _sY _tBOOK _u2015-6-24 _xTEOLOGIA _PP35 _0COMPRA _o.STAFF. Colección General |
||
| 994 |
_aC0 _bPEPRU |
||
| 596 | _a1 | ||
| 999 |
_a230.01 C73 _wDEWEY _c24479 _i48007 _f2021-11-9 _g6 _lCCODEBUL1 _mBUL _r0 _sY _tBOOK _u2015-6-24 _xTEOLOGIA _PP35 _0COMPRA _o.STAFF. Colección General _d24479 |
||
| 980 |
_81 _gALBERTO SANCHEZ Responsable de Automatización |
||